Racionalizace využití základního území obytných souborů

Saved in:
Bibliographic Details
Other Authors: Gřegorčík, Jiří
Format: Book
Language:Czech
Published: Brno Výzkumný ústav výstavby a architektury 1988
Edition:2. uprav. vyd.
Tags: Add Tag
No Tags, Be the first to tag this record!

MARC

LEADER 00000nam a2200000 4500
001 c040021
005 20230110092201.9
041 0 |a cze 
044 |a CZ 
245 1 0 |a Racionalizace využití základního území obytných souborů  |c Jiří Gřegorčík a kol. 
250 |a 2. uprav. vyd. 
264 1 |a Brno  |b Výzkumný ústav výstavby a architektury  |c 1988 
300 |a 95 s. 
700 1 |a Gřegorčík, Jiří